MOTA a story to tell

Gespeichert in:
Bibliographische Detailangaben
1. Verfasser: ODUMUSI, Gabriel Omotayo
Format: Buch
Sprache:Englisch
Veröffentlicht: Wunmi Shoyebo Publishers 2013
Tags: Tag hinzufügen
Keine Tags, Fügen Sie den ersten Tag hinzu!

MARC

LEADER 00000nam a22000007a 4500
008 201207b ||||| |||| 00| 0 eng d
020 |a 978-33419-2-8 
100 |a ODUMUSI, Gabriel Omotayo 
245 |a MOTA  |b a story to tell  |c Gabriel Omotayo Odumosu  |g viii, 147p.; ill 
260 |b Wunmi Shoyebo Publishers  |c 2013  |d Book  |h Lagos  |i 694248  |i 694249  |i 694250  |i 694251  |i 694252  |i 694253  |i 694254  |i 694255  |i 694256  |i 694257  |i 694258  |i 694259  |i 694260  |i 694261  |i 694262  |i 694263  |i 694264  |i 694265  |i 694266  |l DT515.83 Od8  |m Odumusi, Gabriel Omotayo – Biography 1953- 
942 |a lcc  |c BK  |e Adeniran, F.A.  |f 7/12/2020 
952 |0 0  |1 0  |2 lcc  |4 0  |6 DT051583 O D8  |7 0  |9 71  |a HOL  |b MPL  |c AF  |d 2020-12-07  |l 0  |o DT515.83 Od8  |p 2020-0042  |r 2020-12-07 00:00:00  |w 2020-12-07  |y BK 
952 |0 0  |1 0  |2 lcc  |4 0  |6 DT051583 O D8  |7 0  |9 72  |a HOL  |b AG  |c AF  |d 2020-12-07  |l 0  |o DT515.83 Od8  |p 2020-0043  |r 2020-12-07 00:00:00  |w 2020-12-07  |y BK 
952 |0 0  |1 0  |2 lcc  |4 0  |6 DT051583 O D8  |7 0  |9 73  |a HOL  |b ART  |c AF  |d 2020-12-07  |l 0  |o DT515.83 Od8  |p 2020-0044  |r 2020-12-07 00:00:00  |w 2020-12-07  |y BK 
952 |0 0  |1 0  |2 lcc  |4 0  |6 DT051583 O D8  |7 0  |9 75  |a HOL  |b LL  |c AF  |d 2020-12-07  |l 0  |o DT515.83 Od8  |p 2020-0045  |r 2020-12-07 00:00:00  |w 2020-12-07  |y BK 
952 |0 0  |1 0  |2 lcc  |4 0  |6 DT051583 O D8  |7 0  |9 77  |a HOL  |b EDM  |c AF  |d 2020-12-07  |l 0  |o DT515.83 Od8  |p 2020-0046  |r 2020-12-07 00:00:00  |w 2020-12-07  |y BK 
952 |0 0  |1 0  |2 lcc  |4 0  |6 DT051583 O D8  |7 0  |9 78  |a HOL  |b SL  |c AF  |d 2020-12-07  |l 0  |o DT515.83 Od8  |p 2020-0047  |r 2020-12-07 00:00:00  |w 2020-12-07  |y BK 
952 |0 0  |1 0  |2 lcc  |4 0  |6 DT051583 O D8  |7 0  |9 79  |a HOL  |b TL  |c AF  |d 2020-12-07  |l 0  |o DT515.83 Od8  |p 2020-0048  |r 2020-12-07 00:00:00  |w 2020-12-07  |y BK 
952 |0 0  |1 0  |2 lcc  |4 0  |6 DT051583 O D8  |7 0  |9 80  |a HOL  |b ED  |c AF  |d 2020-12-07  |l 0  |o DT515.83 Od8  |p 2020-0049  |r 2020-12-07 00:00:00  |w 2020-12-07  |y BK 
952 |0 0  |1 0  |2 lcc  |4 0  |7 0  |9 81  |a HOL  |b HE  |c AF  |d 2020-12-07  |o DT515.83 Od8  |p 2020-0066  |r 2020-12-07 00:00:00  |w 2020-12-07  |y BK 
952 |0 0  |1 0  |2 lcc  |4 0  |6 DT051583 O D8  |7 0  |9 83  |a HOL  |b SSL  |c AF  |d 2020-12-07  |l 0  |o DT515.83 Od8  |p 2020-0051  |r 2020-12-07 00:00:00  |w 2020-12-07  |y BK 
952 |0 0  |1 0  |2 lcc  |4 0  |7 0  |9 84  |a HOL  |b PL  |c AF  |d 2020-12-07  |o DT515.83 Od8  |p 2020-0067  |r 2020-12-07 00:00:00  |w 2020-12-07  |y BK 
952 |0 0  |1 0  |2 lcc  |4 0  |6 DT051583 O D8  |7 0  |9 93  |a HOL  |b ML  |c AF  |d 2020-12-07  |l 0  |o DT515.83 Od8  |p 2020-0059  |r 2020-12-07 00:00:00  |w 2020-12-07  |y BK 
952 |0 0  |1 0  |2 lcc  |4 0  |6 DT051583 O D8  |7 0  |9 95  |a HOL  |b HOL  |c AF  |d 2020-12-07  |l 0  |o DT515.83 Od8  |p 2020-0060  |r 2020-12-07 00:00:00  |w 2020-12-07  |y BK 
952 |0 0  |1 0  |2 lcc  |4 0  |6 DT051583 O D8  |7 0  |9 96  |a HOL  |b HOL  |c AF  |d 2020-12-07  |l 0  |o DT515.83 Od8  |p 2020-0061  |r 2020-12-07 00:00:00  |w 2020-12-07  |y BK 
952 |0 0  |1 0  |2 lcc  |4 0  |6 DT051583 O D8  |7 0  |9 97  |a HOL  |b HOL  |c AF  |d 2020-12-07  |l 0  |o DT515.83 Od8  |p 2020-0062  |r 2020-12-07 00:00:00  |w 2020-12-07  |y BK 
952 |0 0  |1 0  |2 lcc  |4 0  |6 DT051583 O D8  |7 0  |9 98  |a HOL  |b HOL  |c AF  |d 2020-12-07  |l 0  |o DT515.83 Od8  |p 2020-0063  |r 2020-12-07 00:00:00  |w 2020-12-07  |y BK 
952 |0 0  |1 0  |2 lcc  |4 0  |6 DT051583 O D8  |7 0  |9 99  |a HOL  |b HOL  |c AF  |d 2020-12-07  |l 0  |o DT515.83 Od8  |p 2020-0064  |r 2020-12-07 00:00:00  |w 2020-12-07  |y BK 
952 |0 0  |1 0  |2 lcc  |4 0  |6 DT051583 O D8  |7 0  |9 100  |a HOL  |b HOL  |c AF  |d 2020-12-07  |l 0  |o DT515.83 Od8  |p 2020-0065  |r 2020-12-07 00:00:00  |w 2020-12-07  |y BK 
999 |c 31  |d 31